Welcome to CU Library Online Public Access Catalogue (OPAC)

Law Reports of the Commonwealth 1991 (Record no. 2049)

MARC details
000 -LEADER
fixed length control field 00586nam a22001337a 4500
005 - DATE AND TIME OF LATEST TRANSACTION
control field 20241211110713.0
008 - FIXED-LENGTH DATA ELEMENTS--GENERAL INFORMATION
fixed length control field 241211b |||||||| |||| 00| 0 eng d
245 ## - TITLE STATEMENT
Title Law Reports of the Commonwealth 1991
Remainder of title Criminal Law
260 ## - PUBLICATION, DISTRIBUTION, ETC.
Place of publication, distribution, etc. London, UK
Name of publisher, distributor, etc. Butterworths
Date of publication, distribution, etc. 1991
300 ## - PHYSICAL DESCRIPTION
Extent xliv, 920 pages
Dimensions 24 cm
500 ## - GENERAL NOTE
General note General Editors: Read James S. Prof. LL.B. of Gray’s Inn, Barrister. Slinn Peter E. M.A., PhD., Solicitor, England and Wales. <br/><br/>Managing Editor: Edwards Radhika LL.B. of the Inner Temple, Barrister.
650 ## - SUBJECT ADDED ENTRY--TOPICAL TERM
Source of heading or term Law Reports
General subdivision Commonwealth Nations
942 ## - ADDED ENTRY ELEMENTS (KOHA)
Source of classification or shelving scheme Library of Congress Classification
Koha item type Books
Suppress in OPAC No
999 ## -
-- 2049
-- 2049
Holdings
Withdrawn status Lost status Source of classification or shelving scheme Damaged status Not for loan Collection Home library Current library Shelving location Date acquired Total checkouts Full call number Barcode Date last seen Copy number Price effective from Koha item type
    Library of Congress Classification     Non-fiction Law Library (Miotso) Law Library (Miotso) General stacks 12/11/2024   LRC91 CRI LLM00001358 12/11/2024 1 12/11/2024 Books
© 2023-2024 Copyright: Central University Libraries. All Rights Reserved | Created by: Mahone Tech Office